000 00719nam a2200265Ia 4500
003 OSt
005 20220918184356.0
006 a|||||r|||| 00| 0
007 ta
008 220917b |||||||| |||| 00| 0 eng d
024 _a46,251
037 _cTextual
040 _aARTS
_cARTS
_beng
041 _2eng
_aeng
082 _aPxM96:g, L6
100 _aWaugh Linda R
_965599
245 0 _aRoman Jakobson's science of language
260 _aLisse
_bPeter De Ridder Press
_c1976
300 _a115p.
_ccm.
490 _aPdR Press publications on Roman Jakobson; 2
500 _aBib 103-09p
650 _aLINGUISTICS
942 _hPxM96:g, L6
_cTEXL
_2CC
999 _c176278
_d176278